Statistics for Best selling movies 2016

Click here to take the quiz!

General Stats

  • This quiz has been taken 164 times
    (159 since last reset)
  • The average score is 4 of 10

Answer Stats

Number Grossing Answer % Correct
#11.152 BillionCaptain America: Civil war
65%
#7782 MillionDeadpool
58%
#5873 MillionBatman v Superman: Dawn of Justice
53%
#21.032 BillionZootopia
45%
#3970 MillionFinding Dory
40%
#8731 MilllionSuicide Squad
40%
#4965 MillionThe Jungle Book
30%
#10543 MilllionX-Men: Apocalypse
21%
#6821 MillionThe Secret Life of Pets
8%
#9553 MillionThe Mermaid
5%

Score Distribution

Percentile by Number Answered

Percent of People with Each Score

Your Score History

You have not taken this quiz since the last reset